| 000 | 00629nam a2200217 a 4500 | ||
|---|---|---|---|
| 005 | 20240924071302.0 | ||
| 008 | 140520s2005 mx r 000 0 spa d | ||
| 020 | _a9703508693 | ||
| 035 | _aUPN01000197322 | ||
| 049 | _aI | ||
| 050 | 4 |
_aPZ74.9 _bA4.267 |
|
| 100 | 1 |
_aAlvarez, Rosanela _935843 |
|
| 245 | 1 | 4 |
_aLos botones de Ana / _cRosanela Alvarez ; il. Miguel Marín. |
| 260 |
_aMéxico : _bCONACULTA, _c2005. |
||
| 300 |
_a21 p. : _bil. col. |
||
| 440 | 0 | _aHistorias_ de_ botones | |
| 650 | 7 |
_aLibros ilustrados para niños _2 _921365 |
|
| 650 | 4 |
_aLiteratura infantil _94445 |
|
| 905 | _aInfantil | ||
| 999 |
_c169423 _d169423 |
||